Top 150 Länder nach Einwohner - Statistiken

Allgemein
  • Dieses Quiz wurde 28 mal gespielt
  • Das Durchschnittsergebnis liegt bei 113 aus 150
Antwortstatistiken
Anzahl Einwohner (2022) Länder % Korrekt
25'800'000 Australien
100%
1'436'600'000 China
100%
83'300'000 Deutschland
100%
1'417'200'000 Indien
100%
44'500'000 Irak
100%
88'600'000 Iran
100%
127'500'000 Mexiko
100%
38'000'000 Polen
100%
10'500'000 Schweden
100%
60'600'000 Südafrika
100%
85'200'000 Türkei
100%
332'800'000 Vereinigte Staaten
100%
46'200'000 Argentinien
95%
214'800'000 Brasilien
95%
67'600'000 Grossbritannien
95%
38'800'000 Kanada
95%
5'400'000 Norwegen
95%
9'000'000 Österreich
95%
144'300'000 Russland
95%
47'400'000 Spanien
95%
44'900'000 Algerien
90%
171'200'000 Bangladesch
90%
1'980'000 Chile
90%
99'000'000 Demokratische Republik Kongo
90%
275'500'000 Indonesien
90%
5'100'000 Irland
90%
9'500'000 Israel
90%
124'900'000 Japan
90%
54'000'000 Kenia
90%
49'100'000 Kolumbien
90%
36'700'000 Marokko
90%
26'200'000 Niger
90%
4'600'000 Oman
90%
115'600'000 Philippinen
90%
10'300'000 Portugal
90%
6'000'000 Republik Kongo
90%
51'600'000 Südkorea
90%
10'500'000 Tschechien
90%
103'500'000 Ägypten
85%
9'200'000 Belarus
85%
5'873'420 Dänemark
85%
5'600'000 Finnland
85%
10'600'000 Griechenland
85%
3'800'000 Kroatien
85%
17'700'000 Niederlande
85%
218'500'000 Nigeria
85%
26'100'000 Nordkorea
85%
33'400'000 Peru
85%
19'000'000 Rumänien
85%
8'800'000 Schweiz
85%
46'900'000 Sudan
85%
22'100'000 Syrien
85%
66'800'000 Thailand
85%
99'400'000 Vietnam
85%
41'100'000 Afghanistan
80%
11'600'000 Belgien
80%
65'800'000 Frankreich
80%
58'900'000 Italien
80%
19'200'000 Kasachstan
80%
7'500'000 Laos
80%
32'700'000 Malaysia
80%
5'100'000 Neuseeland
80%
235'800'000 Pakistan
80%
36'700'000 Saudi-Arabien
80%
17'900'000 Senegal
80%
5'400'000 Slowakei
80%
41'000'000 Ukraine
80%
3'600'000 Uruguay
80%
35'600'000 Usbekistan
80%
123'400'000 Äthiopien
75%
12'200'000 Bolivien
75%
3'400'000 Bosnien und Herzegowina
75%
6'800'000 Bulgarien
75%
11'200'000 Dominikanische Republik
75%
28'200'000 Elfenbeinküste
75%
3'700'000 Georgien
75%
9'600'000 Honduras
75%
33'700'000 Jemen
75%
16'800'000 Kambodscha
75%
2'700'000 Katar
75%
11'100'000 Kuba
75%
22'600'000 Mali
75%
30'900'000 Nepal
75%
4'400'000 Panama
75%
6800'000 Serbien
75%
2'100'000 Slowenien
75%
17'600'000 Somalia
75%
22'400'000 Sri Lanka
75%
10'900'000 Südsudan
75%
65'500'000 Tansania
75%
8'800'000 Togo
75%
11'800'000 Tunesien
75%
6'400'000 Turkmenistan
75%
9'400'000 Vereinigte Arabische Emirate
75%
18'000'000 Ecuador
70%
11'200'000 Jordanien
70%
6'800'000 Libyen
70%
6'700'000 Nicaragua
70%
6'800'000 Paraguay
70%
16'300'000 Simbabwe
70%
9'700'000 Ungarn
70%
28'300'000 Venezuela
70%
2'800'000 Albanien
65%
35'600'000 Angola
65%
3'000'000 Armenien
65%
13'400'000 Benin
65%
33'500'000 Ghana
65%
13'900'000 Guinea
65%
27'900'000 Kamerun
65%
3'400'000 Mongolei
65%
1'800'000 Nordmazedonien
65%
9'300'000 Papua-Neuguinea
65%
10'000'000 Tadschikistan
65%
47'200'000 Uganda
65%
10'200'000 Aserbaidschan
60%
2'600'000 Botswana
60%
6'300'000 El Salvador
60%
17'800'000 Guatemala
60%
11'600'000 Haiti
60%
2'800'000 Jamaika
60%
6'800'000 Kirgistan
60%
1'900'000 Lettland
60%
5'500'000 Libanon
60%
5'300'000 Liberia
60%
29'600'000 Madagaskar
60%
4'700'000 Mauretanien
60%
2'600'000 Namibia
60%
23'200'000 Taiwan
60%
17'700'000 Tschad
60%
1'700'000 Äquatorialguinea
55%
22'700'000 Burkina Faso
55%
2'100'000 Guinea-Bissau
55%
2'800'000 Litauen
55%
33'000'000 Mosambik
55%
54'200'000 Myanmar
55%
20'000'000 Sambia
55%
8'700'000 Sierra Leone
55%
5'500'000 Singapur
55%
12'900'000 Burundi
50%
5'200'000 Costa Rica
50%
3'700'000 Eritrea
50%
2'400'000 Gabun
50%
2'700'000 Gambia
50%
4'100'000 Kuwait
50%
13'800'000 Ruanda
50%
20'400000 Malawi
45%
1'500'000 Bahrain
40%
2'300'000 Lesotho
40%
3'500'000 Moldau
25%
5'600'000 Zentral­afrikanische Republik
0%
Keine übereinstimmenden Quizze gefunden
Verteilung der Resultate
Anzahl Personen mit jedem Resultat
Perzentil nach korrekt beantworteten Fragen
Ihre Resultats-Entwicklung
Sie haben dieses Quiz noch nicht gespielt